| 000 | 00681nam a2200121Ia 4500 | ||
|---|---|---|---|
| 008 | 220616s9999||||xx |||||||||||||| ||und|| | ||
| 245 | 0 | _aTuning up! The Innovative Potential of Musikvermittlung | |
| 546 | _aEnglish[eng] | ||
| 650 | _aMusikvermittlung||Music Education||Innovation||Classical Musicians||Concert Studies||New Concert Formats||Community Engagement||Audience Engagement||New Audiences||Cultural and Social Participation||Music||Education||Culture||Musicology||Cultural Education||Educational Research||Music Management | ||
| 700 | _aChaker, Sarah||Petri-Preis, Axel | ||
| 856 | _uhttps://library.oapen.org/bitstream/20.500.12657/53564/1/9783839456811.pdf | ||
| 942 | _cEB | ||
| 999 |
_c19812 _d19812 |
||